000 00958nam a2200301 a 4500
001 25822
003 CO-ViMGA
008 141112s2004 ck r 000 u spa d
020 _a9789586652513
040 _aCO-ViMGA
_bspa
_cCO-ViMGA
041 _aSPA
090 _aH SUN1
100 1 _aSun, Tzu, 1753 - 1810
_940079
245 1 0 _aEl arte de la guerra /
_cSun Tzu ; traduccion Maite Madinabeitia
250 _a1a ed.
260 _aBarcelona :
_bHerder,
_c2013
300 _a193 p. : il. byn.
500 _aTítulo original : Manga de dokuna, The art of War
650 1 4 _aAUTORES CHINOS
_940080
650 1 4 _aCIENCIA MILITAR - NOVELA GRAFICA
_940081
650 1 4 _aCOMICS
_940082
650 1 4 _aESTRATEGIA - NOVELA GRAFICA
_940083
650 1 4 _aGUERRA - NOVELA GRAFICA
_940084
650 1 4 _aLITERATURA CHINA - SIGLO XVIII
_940085
650 1 4 _aTACTICA MILITAR - NOVELA GRAFICA
_940086
700 1 _aMadinabeitia, Maite
_940087
942 _2ddc
_cBK
999 _c5388
_d5388